|
|
|
|
| LEADER |
00000cam a2200000 7i4500 |
| 001 |
0000022488 |
| 005 |
20160330.0 |
| 008 |
080730 |
| 020 |
|
|
|a 8178233398
|
| 090 |
0 |
0 |
|a 155.51
|b AVA
|
| 100 |
1 |
|
|a Avapothanathan, Swami
|
| 245 |
1 |
0 |
|a Kekuatan remaja (Tamil)
|c Swami Avapothanathan
|
| 260 |
|
|
|a Chennai :
|b Penerbitan Sri Ramakrishna ,
|c 2005
|
| 500 |
|
|
|a Teenager ages 13-18 years old (blue)
|
| 650 |
|
0 |
|a Youth
|x psychology
|
| 999 |
|
|
|a 0001033255
|b Book
|c Tamil Collection
|e Perbadanan Perpustakaan Awam Johor
|
| 999 |
|
|
|a 0001033256
|b Book
|c Tamil Collection
|e Cawangan Mersing
|
| 999 |
|
|
|a 0001033257
|b Book
|c Tamil Collection
|e Perbadanan Perpustakaan Awam Johor
|